| 000 | 00750nam a2200217 a 4500 | ||
|---|---|---|---|
| 001 | 000019067 | ||
| 005 | 20200929165920.0 | ||
| 008 | 100525s1993 sp 000 p spa d | ||
| 020 | _a8478201629 | ||
| 040 |
_aDO-SdBNP _bspa _cBNPHU |
||
| 082 |
_a861.44 _bM385c |
||
| 100 | 1 |
_aMartínez Cisneros, Francisco Javier, _d1963- _941021 |
|
| 245 | 1 | 0 |
_aConcierto para un insomne / _cFrancisco Javier Martínez Cisnero. |
| 260 |
_aZaragoza : _bInstitución Fernando el Católico, _c1993. |
||
| 300 |
_a29 p. ; _c25 cm. |
||
| 490 | 1 | _aColección San Jorge ; | |
| 586 | _aMención de honor (VII premio "Isabel de Portugal" de poesía) | ||
| 650 | 4 |
_aPoesía española _9631 |
|
| 650 | 4 |
_aLiteratura española _9632 |
|
| 830 | 0 |
_aColección San Jorge ; _914665 |
|
| 999 |
_c18585 _d18585 |
||